Music Quiz

Random Music or Album Quiz

Nirvana Songs Quiz Stats

 Plays Quiz Updated Feb 18, 2020

Support Sporcle.
Go Orange.
Score 0/52 Timer 08:00
7 Plays Today
% Correct
Smells Like Teen Spirit
95.9%
Come as You Are
86.2%
Lithium
83.6%
Heart-Shaped Box
82.7%
In Bloom
79.8%
Polly
78.8%
Rape Me
75.9%
About a Girl
75.1%
Something in the Way
69.7%
All Apologies
69.6%
Breed
66.5%
Territorial Pissings
63.6%
On a Plain
63.4%
Drain You
62.3%
Dumb
60.3%
Pennyroyal Tea
58.8%
Sliver
57.7%
School
57.4%
Lounge Act
57.3%
Serve the Servants
56.1%
Floyd the Barber
52.7%
Stay Away
52.7%
Love Buzz
52.3%
Scentless Apprentice
52.2%
Frances Farmer Will Have Her Revenge on Seattle
51.4%
Blew
51.3%
% Correct
Aneurysm
49.8%
Milk It
47%
Negative Creep
46.5%
Very Ape
45.9%
Tourette's
45.3%
Been a Son
44.9%
Radio Friendly Unit Shifter
43.8%
Dive
42.2%
Molly's Lips
40.8%
Mr. Moustache
40.1%
Big Cheese
39.6%
Downer
39.3%
Downer
39.3%
Mexican Seafood
35.8%
Paper Cuts
35.1%
Aero Zeppelin
33.8%
Scoff
33%
Swap Meet
31.8%
Hairspray Queen
31.3%
(New Wave) Polly
30.7%
Sifting
30.3%
Son of a Gun
29.5%
Stain
28.4%
Turnaround
28.3%
Beeswax
26%
Big Long Now
25.3%

From the Vault

Disney Sorting Gallery IV

by hanlov

The Disney empire goes beyond your old VHS collection, but you already knew that.
Remove Ads.
Support Sporcle.
Get the best of Sporcle when you Go Orange. This ad-free experience offers more features, more stats, and more fun while also helping to support Sporcle. Thank you for becoming a member.

Show Comments

Extras

Top Quizzes Today


Score Distribution

Your Account Isn't Verified!

In order to create a playlist on Sporcle, you need to verify the email address you used during registration. Go to your Sporcle Settings to finish the process.

Report this User

Report this user for behavior that violates our Community Guidelines.

Details: